000 00581nam a2200217 a 4500
001 13536
003 BD-JhCC
005 20240118105010.0
008 240118b2018 bg a|||| ||a| 000 0 eng d
035 _a(BD-JhCC)13536
040 _aBD-JhCC
_dBD-JhCC
041 _aeng
082 _a954.9205
_bSAH 2018
100 _aSaha, Amal
245 _aOur Father of The Nation /
_cAmal Saha
260 _aDhaka:
_bShrabon;
_c2018
300 _a44 p.:
_bill;
_c26cm.
490 _aChildren's Biography Series-1
650 _aBangabandhu Sheikh Mujubur Rahman
_zBiography
942 _2ddc
_cBK
999 _c13536
_d13536